| 000 -LEADER |
| fixed length control field |
00476nam a2200181Ia 4500 |
| 008 - FIXED-LENGTH DATA ELEMENTS--GENERAL INFORMATION |
| fixed length control field |
200103s9999||||xx |||||||||||||| ||und|| |
| 020 ## - INTERNATIONAL STANDARD BOOK NUMBER |
| International Standard Book Number |
1850442436 |
| 082 ## - DEWEY DECIMAL CLASSIFICATION NUMBER |
| Classification number |
347.845 |
| Item number |
RIC |
| 100 ## - MAIN ENTRY--PERSONAL NAME |
| Personal name |
Richardson, John |
| 245 #2 - TITLE STATEMENT |
| Title |
A guide to the hangue and hague-visby rules |
| 250 ## - EDITION STATEMENT |
| Edition statement |
2nd Ed. |
| 260 ## - PUBLICATION, DISTRIBUTION, ETC. (IMPRINT) |
| Name of publisher, distributor, etc |
Lloyd's of London Press Ltd. |
| Date of publication, distribution, etc |
1989 |
| Place of publication, distribution, etc |
London |
| 300 ## - PHYSICAL DESCRIPTION |
| Extent |
82p. |
| 650 ## - SUBJECT ADDED ENTRY--TOPICAL TERM |
| Topical term or geographic name as entry element |
Great Britain |
| 650 ## - SUBJECT ADDED ENTRY--TOPICAL TERM |
| Topical term or geographic name as entry element |
Bills of lading |
| 650 ## - SUBJECT ADDED ENTRY--TOPICAL TERM |
| Topical term or geographic name as entry element |
Contracts, Maritime |
| 942 ## - ADDED ENTRY ELEMENTS (KOHA) |
| Item type |
Books |